| 000 | 00544nam a2200157Ia 4500 | ||
|---|---|---|---|
| 003 | GCL | ||
| 008 | 140319s9999 xx 000 0 ara d | ||
| 040 |
_aGCL / _cGCL |
||
| 082 | 0 | 4 |
_a908 _bغ د |
| 100 | 1 | _aغالى شكرى | |
| 245 | 1 | 0 |
_aدراسة: بداية للتاريخ من زلزال الخليج الى زوال السوفيت / _cغالى شكرى |
| 260 |
_a[S.N] : _bدار سعاد الصباح ، _c1993 |
||
| 490 |
_aمركز خلدون للدراسات الانمائية _v0 |
||
| 650 | 0 | 4 | _aالتاريخ |
| 942 |
_2ddc _cBK |
||
| 999 |
_c54820 _d54820 |
||